[Event "Candidates Tournament"]
[Site "Khanty-Mansiysk"]
[Date "2014.03.19"]
[Round "6"]
[White "Mamedyarov, Shakhriyar"]
[Black "Svidler, Peter"]
[Result "1-0"]
[WhiteElo "2757"]
[BlackElo "2758"]
[Annotator "Meulders,R"]
[PlyCount "61"]
[EventDate "2014.03.13"]
[EventType "tourn"]
[EventRounds "14"]
[EventCountry "RUS"]
[EventCategory "21"]
[SourceTitle "CBM 160"]
[Source "ChessBase"]
[SourceDate "2014.05.15"]
[SourceVersion "1"]
[SourceVersionDate "2014.05.15"]
[SourceQuality "1"]
[TimeControl "40/7200:20/3600:900+30"]
[WhiteClock "0:19:35"]
[BlackClock "0:08:55"]

1. d4 {[%emt 0:00:03]} f5 {[%emt 0:00:06]} 2. g3 {[%emt 0:02:30]} Nf6 {[%emt 0:
00:37]} 3. Bg2 {[%emt 0:00:04]} g6 {[%emt 0:00:14]} 4. Nf3 {[%emt 0:00:06]} Bg7
{[%emt 0:00:19]} 5. O-O {[%emt 0:00:04]} O-O {[%emt 0:00:23]} 6. c4 {[%emt 0:
00:02]} d6 {[%emt 0:00:06]} 7. Nc3 {[%emt 0:00:04]} Qe8 {[%emt 0:00:04]} 8. b4
{[%emt 0:06:15] A less usual move. Instead of the vastly popular 8.d5,
hindering Black's stock move ...e5, White allows this advance and aims for a
quick initiative on the queenside.} e5 {[%emt 0:13:17]} ({Relevant:} 8... h6 9.
Bb2 c6 10. d5 a5 11. a3 axb4 12. axb4 Rxa1 13. Bxa1 Na6 14. Qb3 c5 15. b5 Nb4
16. Bb2 e5 17. dxe6 Bxe6 18. Ba3 Qf7 19. Nd2 d5 20. cxd5 Nfxd5 21. Nxd5 Nxd5
22. Bxc5 Nc3 23. Qa3 Rd8 24. Nf3 Nxe2+ 25. Kh1 Nc3 26. Qb4 Bc4 27. Re1 Ne4 28.
Qa5 Qd5 29. Bb6 Bc3 30. Qa7 Bxe1 31. Nxe1 Qd1 {0-1 (31) Gomez,J (2534)-Zhang,Z
(2600) Ho Chi Minh City 2014}) (8... c6) 9. dxe5 {[%emt 0:01:16]} dxe5 {
[%emt 0:00:06]} 10. Ba3 $146 {[%emt 0:03:41]} (10. b5 e4 11. Nd4 Qf7 12. Qb3 c5
13. bxc6 Nxc6 14. Nxc6 bxc6 15. Ba3 Rd8 16. Rac1 Be6 17. Qa4 Rac8 18. Bc5 Nd7
19. Be3 Nb6 20. Qa6 Bxc4 21. Qa5 Nd5 22. Rfd1 Re8 23. Bd4 Nxc3 24. Bxc3 Bxe2
25. Bxg7 Qxg7 26. Rd2 Bd3 27. Bf1 Bxf1 28. Kxf1 Qc7 29. Qa4 e3 30. Rdc2 exf2
31. Kxf2 Re6 32. Kg2 Qd7 33. Qb3 Qf7 34. Qd3 Qe7 35. Qb3 Kf8 36. Qf3 c5 37. g4
Re3 38. Qf4 Re4 39. Qh6+ Kg8 {Nguyen,N (2567)-Zhang,Z (2649) Beijing 2008 0-1})
10... e4 {[%emt 0:04:18]} 11. Nd4 {[%emt 0:00:34]} Rf7 {[%emt 0:14:48]} 12. Qb3
{[%emt 0:13:00]} Nc6 {[%emt 0:11:50]} 13. Nxc6 {[%emt 0:07:27]} Qxc6 {[%emt 0:
00:41]} 14. b5 {[%emt 0:00:24]} Qe8 {[%emt 0:00:15]} 15. f3 {[%emt 0:01:18]}
Be6 {[%emt 0:02:08]} 16. Rad1 {[%emt 0:07:56] Getting the rook out of the pin
along the h8-a1 diagonal and threatening to take twice on e4.} a6 $1 {[%emt 0:
07:48] Black has a very small initiative, based on the somewhat awkward
position of the Ba3.} 17. bxa6 {[%emt 0:08:05]} (17. fxe4 axb5 18. Nxb5 Nxe4
$15) 17... Rxa6 {[%emt 0:00:49]} 18. fxe4 {[%emt 0:00:35]} fxe4 {[%emt 0:13:59]
} 19. Nxe4 {[%emt 0:01:12]} Nxe4 {[%emt 0:02:06]} 20. Bxe4 {[%emt 0:01:23]}
Rxf1+ {[%emt 0:03:52]} 21. Rxf1 {[%emt 0:00:16]} b5 $1 $15 {[%emt 0:07:50]
Black has successfully solved all his opening difficulties and has a fine
position: the c4-pawn is pinned and the Ba3 still is insecurely placed. Black
is set to regain the pawn and keep the initiative.} 22. Qe3 {[%emt 0:20:04]}
bxc4 $6 {[%emt 0:00:48]} (22... Bxc4 $2 23. Bd5+ Re6 24. Bxe6+ Qxe6 25. Qxe6+
Bxe6 26. Rc1 $16) ({The move to play is} 22... Qd7 $1 {threatening ...Bd4} 23.
Qf3 Bxc4 24. Bb2 Qd6 25. Bxg7 Kxg7 26. Qc3+ Kg8 27. Bc2 Qc5+ 28. Rf2 Rxa2 29.
Bd3 Ra6 30. Bxc4+ Qxc4 31. Qf3 Qc1+ 32. Kg2 Qc6 33. e4 Qe8 34. Qb3+ Qe6 35.
Qxb5 Qxe4+ 36. Kh3 Qe6+ 37. Kg2 Qc6+ 38. Qxc6 Rxc6 {and White must struggle to
get a draw..}) 23. Bc5 $11 {[%emt 0:00:11]} Qc8 $2 {[%emt 0:09:21] Too passive.
} (23... c6 $11 24. Rd1 Rxa2 25. Bxc6 Qxc6 26. Rd8+ Kf7 27. Qf4+ Bf5 28. Qxc4+
Be6 29. Qf4+ Bf5 30. Qc4+ $11) 24. h4 {[%emt 0:04:03]} h6 $4 {[%emt 0:09:52] A
strange move to make for a player of Svidler's calibre. Surely he did not miss
25.Bxg6 Bh3 26.Bf7+?} (24... Qd7 $1 25. Rb1 Kh8 26. Rb8+ Bg8 27. Qf3 Re6 28.
Bd5 Re8 29. Rxe8 Qxe8 30. Bxg8 Qxg8 31. a4 h5 32. a5 c3 {and the passed pawn
gives Black enough counterplay.}) 25. Bxg6 $16 {[%emt 0:04:56]} Bd5 {[%emt 0:
00:44]} 26. h5 $1 {[%emt 0:01:33]} Qd7 {[%emt 0:00:09]} 27. Bd4 {[%emt 0:09:42]
} (27. Rd1 $1 $18) 27... Re6 {[%emt 0:04:08]} (27... Be6 28. Bxg7 Qxg7 29. a4
Rd6 30. a5 c3 31. Rc1 Bf7 32. Bxf7+ Qxf7 33. Qxc3 Qxh5 34. a6 Rd8 35. Qf6 Rd6
36. Qxd6 $1 cxd6 37. Rc8+ $1 Kh7 38. a7 Qxe2 39. a8=Q $18) 28. Bf7+ {[%emt 0:
01:48]} Qxf7 {[%emt 0:00:20]} 29. Rxf7 {[%emt 0:00:04]} Rxe3 {[%emt 0:00:02]}
30. Rxg7+ {[%emt 0:00:05]} Kf8 {[%emt 0:00:05]} 31. Rg5 $1 $18 {[%emt 0:01:44]}
(31. Rg5 hxg5 32. Bxe3 g4 33. a4 c3 34. a5 Bb7 35. h6 Kg8 36. Bf4 c2 37. Kf2
$18) 1-0

[Event "Gibraltar Masters 15th"]
[Site "Caleta"]
[Date "2017.01.25"]
[Round "2"]
[White "Javakhishvili, Lela"]
[Black "Cheparinov, Ivan"]
[Result "0-1"]
[WhiteElo "2455"]
[BlackElo "2689"]
[Annotator "Meulders,R"]
[PlyCount "98"]
[EventDate "2017.01.24"]
[EventType "swiss"]
[EventRounds "10"]
[EventCountry "GGB"]
[SourceTitle "CBM 177"]
[Source "ChessBase"]
[SourceDate "2017.03.16"]
[SourceVersion "1"]
[SourceVersionDate "2017.03.16"]
[SourceQuality "1"]

1. d4 f5 2. g3 Nf6 3. Bg2 g6 4. Nf3 Bg7 5. O-O O-O 6. b3 d6 7. Bb2 c6 8. Nbd2
a5 9. a3 (9. c4 Na6 10. e3 Bd7 11. Ne1 e5 12. dxe5 Ng4 13. Ba3 Bxe5 14. Rc1 Nb4
15. h3 Nxf2 16. Rxf2 Bxg3 17. Rf3 Be5 18. Bxb4 axb4 19. Rc2 c5 $11 20. Nd3 Bc6
21. Rf2 Bg3 22. Re2 Qe7 23. Bxc6 bxc6 24. Qf1 $14 Bh4 25. Qg2 Bg5 26. Kh1 (26.
e4) 26... Rae8 27. Nf1 Qe4 28. Nf2 Qxg2+ 29. Kxg2 Bf6 30. e4 f4 31. Nh2 Bd4 32.
Rcd2 Re6 33. Rd3 d5 34. cxd5 cxd5 35. e5 Rd8 (35... Rxe5 $17) 36. Nf3 $18 Bc3
37. Ne4 {1-0 (37) Erdos,V (2650)-Cheparinov,I (2687) Bol 2013}) 9... Na6 10. c4
Qc7 11. Qc2 Re8 12. Bc3 ({Relevant:} 12. Rfd1 e5 13. c5 e4 14. cxd6 Qxd6 15.
Nc4 Qc7 16. Nfe5 Be6 $11 17. f3 exf3 18. exf3 f4 $5 19. Qd2 Nd5 20. Qxa5 b6 21.
Qd2 b5 22. Na5 Bxe5 23. dxe5 Ne3 24. Qc3 $6 (24. Rdc1 $11) 24... Nxd1 25. Rxd1
Qb6+ (25... b4 $1 $17) 26. Kh1 Nc5 27. Nxc6 Rac8 28. Nd4 Na4 (28... Nxb3 $17)
29. bxa4 Rxc3 $19 {0-1 (39) Laznicka,V (2693)-Nepomniachtchi,I (2716) Havana
2012}) (12. e4 fxe4 13. Nxe4 Bf5 14. Nh4 Bxe4 15. Bxe4 Nxe4 16. Qxe4 e5 17.
dxe5 Qb6 18. Qc2 dxe5 $11 {½-½ (90) Grischuk,A (2760)-Nakamura,H (2729)
Moscow 2010 CBM 139 [Mueller,Karsten]}) 12... e5 13. dxe5 dxe5 14. Qb2 Ng4 $146
({Predecessor (2):} 14... Nh5 15. b4 $2 (15. e4 $11) 15... e4 16. Ne1 Rd8 $15
17. Nb3 axb4 18. axb4 Be6 $17 {0-1 (40) Solomon,K (2371)-Le,Q (2723) Baku 2016}
) 15. h3 Nh6 16. b4 e4 {As a general rule, if Black can play this move, his
problems - if any - are over.} 17. Bxg7 (17. Ng5 Qe7 18. Bxg7 Qxg7 19. Qxg7+
Kxg7 20. f3 exf3 21. exf3 Nc7 22. f4 Re2 23. Rae1 $1 $11) 17... Qxg7 18. Qxg7+
Kxg7 19. Nd4 Rd8 20. e3 Nf7 21. Rfb1 {This looks like the normal preparation
of a move like Bf1, though White appears to have other plans. Taking on a5,
however, was the simplest way to keep the balance.} (21. bxa5 $1 c5 22. N4b3
Be6 23. f3 exf3 24. Rxf3 Ne5 25. Rf4 $11 g5 26. Rf2 Nd3 (26... Nxc4 $6 27. Nxc4
Bxc4 28. Rb2 $1 Bf7 29. Rc1 $16) 27. Rff1 $11) 21... Ne5 22. g4 $6 {This is
too impulsive. White will later regret the weakening of her kingside.} ({
The consistent} 22. Bf1 {is preferable} Nc7 23. N2b3 a4 24. f4 $5 exf3 25. Nd2
Ne8 26. N2xf3 Nxf3+ 27. Nxf3 Nf6 28. Nd4 Re8 29. Re1 Be6 30. Bd3 Bf7 31. Kf2
Re7 $15 {with an edge for Black and a lot of hard work ahead if he is to win
this.}) 22... Nc7 23. gxf5 gxf5 24. Bf1 (24. c5 Kf6 25. Bf1 Ne6 26. N2b3 a4 27.
Nxe6 Nf3+ 28. Kh1 Bxe6 $19) 24... Kf6 25. f4 {Logically foowing up (22.g4). At
least White is consistent now. It's hard to sit still, as Black will otherwise
quickly improve his position.} (25. Kh2 Ne6 26. bxa5 Nxd4 27. exd4 Rxd4 28. Nb3
Rd8 29. Rb2 Be6 $17) 25... Ng6 26. bxa5 Nxf4 $1 $17 {The difference with axb4
at move 21 is that now Black can take on f4 since the Nd4 is hanging.} 27. N2b3
Nfe6 28. Nxe6 Nxe6 29. Rd1 Bd7 {Finally developing the idle black-squared
bishop.} 30. Rd6 Ke7 31. c5 $2 {This must be the losing move. White overlooks
a 'Zwischenschach' (an intermediate check) in what is to follow.} ({After} 31.
Rad1 $15 c5 32. h4 Bc6 (32... Ba4 $6 33. Rxe6+ $5 Kxe6 34. Nxc5+ Ke7 35. Rxd8
Kxd8 36. Nxa4 Rxa5 37. Nb6 Rxa3 38. Bh3 f4 39. Nd5 fxe3 40. Bg4 Ra1+ 41. Kg2
Re1 $15)) 31... Nxc5 $1 32. Nxc5 Rg8+ $1 {The simple point. Black remains the
exchange up.} (32... Kxd6 $2 33. Nxb7+ Kc7 34. Nxd8 Kxd8 35. a6 Bc8 36. Kf2
Bxa6 37. Bxa6 Rxa6 38. Kg3 $11) 33. Kf2 Kxd6 $19 34. Nxb7+ Kc7 35. a6 Be6 36.
Be2 Bd5 37. Rb1 f4 $1 38. Na5 (38. exf4 e3+ 39. Kxe3 Rae8+ 40. Kd4 Re4+ 41. Kc5
Rg3 42. Rc1 Rxe2 $19) 38... Rab8 39. Rxb8 fxe3+ {Another intermediate check.
Black neatly finishes the job.} 40. Kxe3 Kxb8 41. Bg4 {White forgets to resign.
} Ka7 42. Nb7 Kxa6 43. Nc5+ Kb6 44. Nxe4 Bxe4 45. Kxe4 Ra8 46. Kf4 Rxa3 47. Kg5
c5 48. Kh6 c4 49. Bf5 Rf3 0-1

[Event "EU-ch 15th"]
[Site "Yerevan"]
[Date "2014.03.04"]
[Round "2"]
[White "Stupak, Kirill"]
[Black "Dubov, Daniil"]
[Result "0-1"]
[WhiteElo "2498"]
[BlackElo "2618"]
[Annotator "Meulders,R"]
[PlyCount "76"]
[EventDate "2014.03.03"]
[EventType "swiss"]
[EventRounds "11"]
[EventCountry "ARM"]
[SourceTitle "CBM 160"]
[Source "ChessBase"]
[SourceDate "2014.05.15"]
[SourceVersion "1"]
[SourceVersionDate "2014.05.15"]
[SourceQuality "1"]

1. Nf3 d6 2. d4 g6 3. g3 Bg7 4. Bg2 f5 5. O-O Nf6 6. b3 O-O 7. Bb2 c6 8. c4 Qc7
9. Qc2 {This quiet positional move seems to pose few problems for Black at
first sight, but appearances are deceptive, since the idea is to keep Black's
counterplay in check with a slow methodical build-up. White allows the
liberating advance ...e5} ({Relevant:} 9. Nbd2 a5 10. Qc2 Na6 11. a3 Re8 12.
Rfd1 e5 13. c5 e4 14. cxd6 Qxd6 15. Nc4 Qc7 16. Nfe5 Be6 17. f3 exf3 18. exf3
f4 $5 19. Qd2 Nd5 20. Qxa5 b6 21. Qd2 b5 22. Na5 Bxe5 23. dxe5 Ne3 24. Qc3 $2 (
24. Rdc1 Red8 25. Qe1 c5 26. gxf4 Rd3 27. Bf1 Nxf1 28. Qxf1 Rad8 29. Bc3 Qf7
30. Rd1 c4 31. bxc4 bxc4 $17) 24... Nxd1 25. Rxd1 Qb6+ 26. Kh1 Nc5 27. Nxc6
Rac8 28. Nd4 Na4 (28... Nxb3 $17) 29. bxa4 $2 (29. Qd2 $17) 29... Rxc3 30. Bxc3
bxa4 $19 31. Nxe6 Qb3 32. Rc1 Qxa3 33. Bd2 Rxe6 34. Bxf4 Qb2 35. Bh3 Re7 36.
Rc8+ Kg7 37. Bf1 Qb7 38. Rd8 a3 {Laznicka,V (2693)-Nepomniachtchi,I (2716)
Havana 2012 0-1}) (9. d5 Na6 10. Nc3 Nc5 11. b4 Nce4 12. Nxe4 fxe4 13. Ng5 Bf5
$11) 9... Na6 10. Nbd2 Bd7 11. a3 Rae8 12. b4 {Since Qc2 is unprotected, the
stock advances d5 or b5 are impossible for White.} e5 $146 {This is logical: a
flank advance is countered by a central thrust (and the other way round).} (
12... Kh8 13. Rfe1 e5 14. dxe5 dxe5 15. e4 c5 16. b5 Nb8 17. Qc3 f4 18. Nxe5 $1
Nh5 19. Nxd7 $1 Bxc3 20. Bxc3+ Kg8 21. Nxf8 Kxf8 22. e5 {The activity of
White's pieces more than compensates for the slight material disadvantage of
R+B+P for the queen.} Nd7 23. e6 Ndf6 24. Rad1 Qb6 25. Bh3 g5 26. Nb3 $1 {
intending Ba5} Qc7 27. Be5 Qg7 28. Nxc5 g4 29. Bf1 fxg3 30. hxg3 Qg5 31. Bg2 b6
32. Nd7+ Kg7 33. Bc3 {1-0 (33) Chekhov,V (2410)-Gusev,V (2410) Kazan 1980}) 13.
dxe5 dxe5 14. e4 {Of course a black ...e4 cannot be allowed.} c5 {In the same
way Black stops c5, which would hem in his queenside.} 15. b5 Nb8 {Finding a
good place for the dark-squared bishop and this knight is the biggest problem
in Black's position, since they are slightly in each other's way.} 16. Rfe1 {
Threatening to take on f5, attacking e5 a third time, so Black has no
alternative but to push the f-pawn.} f4 17. Nb1 $6 (17. gxf4 Nh5 18. f5 Nf4 19.
Bf1 gxf5 {and Black is OK.}) (17. Rad1 $1 Nh5 18. Nb1 Bg4 19. Rd3 fxg3 20. hxg3
Nf6 21. Nc3 Nbd7 22. Nh2 Be6 23. Nd5 Qa5 24. Bc3 Qd8 25. Nf3 Ng4 26. Re2 Rf7
27. a4 $16 {with suffocating pressure for White.}) 17... Bg4 18. Nc3 Nbd7 19.
h3 $6 (19. Rad1) 19... Bxf3 20. Bxf3 Nb6 $2 {Black should first have opened
the f-file.} (20... fxg3 $1 21. fxg3 Nb6 22. Na4 (22. a4 Nxc4 23. Nd5 Nxd5 24.
Qxc4 {is impossible as Bf3 is hanging.}) 22... Nxa4 23. Qxa4 Qd7 24. Kg2 Nxe4
$1 25. Rad1 (25. Bxe4 Qd2+ 26. Kh1 Rf2 {Intending ...Rh2+ and ...Qf2 mate.} 27.
Kg1 Qxb2 28. Rab1 Qd4 29. Bd5+ Kh8 30. Red1 Rd2+ 31. Kh1 Rf8 $17) 25... Qf5 26.
Bxe4 Qf2+ 27. Kh1 Qxg3 28. Bg2 Rf2 29. Rg1 Rxg2 30. Rxg2 Qxh3+ 31. Kg1 (31. Rh2
Qf3+ 32. Kg1 Bh6 $1 $19) 31... Bh6 32. Re1 Be3+ 33. Rxe3 Qxe3+ 34. Kh2 Rd8 35.
Qc2 Qf4+ 36. Kg1 Qf3 37. Rd2 Qg3+ 38. Kf1 Qh3+ $11) 21. g4 $1 $14 h5 (21...
Nxc4 $4 22. Nd5 $18) 22. gxh5 Qf7 (22... Nxh5 23. Nd5 Qf7 24. Rad1 $16) 23. Nd5
Nbxd5 24. cxd5 gxh5 25. Kh2 Kh7 26. Rg1 Rg8 27. Qe2 Bh6 28. Rxg8 Rxg8 $6 (28...
Kxg8 29. Rg1+ Kh7 30. a4 $16) 29. Bxe5 Ng4+ 30. hxg4 {White has an advantage,
but he has to play the strongest moves, or Black's attack will win the day.}
Qe7 31. Bb2 $6 {Not yet the losing move, but not best.} (31. Bd6 $1 {keeps
control of the h2-b8 diagonal and now with precise play, White will still have
an advantage.} Qh4+ 32. Kg1 hxg4 33. Bg2 f3 34. Qd3 c4 35. Qc3 fxg2 36. Kxg2 g3
37. Bxg3 Qxe4+ 38. Qf3 Qxf3+ 39. Kxf3 c3 40. Ra2 Re8 41. Rc2 Bg7 42. Bc7 $14)
31... Qh4+ 32. Kg1 hxg4 33. Kf1 $1 (33. Bg2 $4 f3 34. Qd3 Bf4 35. e5+ Kh6 {
and Black's attack is overwhelming.}) 33... Qh3+ 34. Bg2 $1 Qb3 35. Be5 $4 (35.
Qd2 f3 36. Qc3 Qxb5+ 37. Kg1 fxg2 38. Qc2 g3 39. f3 Qf1+ 40. Rxf1 gxf1=Q+ 41.
Kxf1 g2+ 42. Qxg2 Rxg2 43. Kxg2 Kg6 44. Be5 Bc1 45. a4 a6 46. Kf2 b5 47. axb5
axb5 48. Ke2 c4 49. Kd1 Ba3 50. Kc2 b4 51. f4 b3+ 52. Kc3 $18) 35... f3 36. Qb2
fxg2+ 37. Kxg2 {Maybe White had overlooked that the black queen can now
deliver the fatal blow by switching back to the kingside.} Qh3+ 38. Kg1 g3 (
38... g3 39. Bxg3 Rxg3+ 40. fxg3 Be3+ 41. Qf2 Qxg3+) 0-1

[Event "ARM-ch"]
[Site "Yerevan"]
[Date "1999.10.21"]
[Round "6"]
[White "Lputian, Smbat G"]
[Black "Minasian, Ara"]
[Result "1/2-1/2"]
[WhiteElo "2625"]
[BlackElo "2483"]
[Annotator "Meulders,R"]
[PlyCount "83"]
[EventDate "1999.10.16"]
[EventType "tourn"]
[EventRounds "11"]
[EventCountry "ARM"]
[EventCategory "10"]
[SourceTitle "CBM 074"]
[Source "ChessBase"]
[SourceDate "2000.02.01"]
[SourceVersion "1"]
[SourceVersionDate "2000.02.01"]
[SourceQuality "1"]

1. d4 f5 2. g3 Nf6 3. Bg2 g6 4. Nf3 Bg7 5. O-O O-O 6. b3 d6 7. Bb2 Qe8 8. Nbd2
Na6 9. c4 Rb8 10. Qc2 b5 {Eine positionelle Ketzerei: die
Damenflügelbauernstruktur wird (auf immer?) verdorben, aber mit solchem
Wischiwaschi beschäftigt sich der echte Holländischspieler natürlich nicht!} (
10... c5 11. Rad1 Bd7 12. Rfe1 Nb4 13. Qb1 cxd4 14. Nxd4 Qf7 15. Bc3 Nc6 16.
Qb2 $14 {0-1 Schiffer,K-Lutz,C/Groningen 1995/CBM 50 ext (37)}) 11. a3 (11.
cxb5 Qxb5 12. e3 (12. Qc4+ Qxc4 13. Nxc4 Nb4 14. Rfc1 Bh6 15. Rd1 Be6 16. Nfd2
f4 17. a3 Nbd5 18. b4 Nb6 19. Nxb6 {Also nicht 'auf immer' verdorben!} cxb6 $15
{0-1 Prang,E-Mainka,R/Muenster 1997/CBM 60 ext (58)}) 12... c5 13. Rfc1 Nb4 14.
Qb1 Qd3 15. dxc5 Qxb1 16. Raxb1 Nd3 17. cxd6 Nxc1 18. dxe7 Ne2+ 19. Kf1 Re8 20.
Kxe2 Nd5 21. Ne5 Ba6+ 22. Ndc4 Nxe7 23. Ke1 $14 {1/2-1/2 Dreev,A-Malaniuk,V/
Yalta 1995/CBM 47 ext (52)}) 11... h6 12. b4 (12. Rae1 g5 13. b4 c6 14. c5 Nc7
15. Rc1 Bd7 16. Rfe1 Ncd5 17. e3 Qh5 $132 {1/2-1/2 Ivanov,T-Daniliuk,S/
Smolensk 1992/EXT 97 (42)}) 12... c6 13. Rfe1 Be6 14. e4 fxe4 15. Nxe4 Nxe4 16.
cxb5 Rxb5 17. Rxe4 {[%csl Ra6,Rc6,Rd4,Re6,Rg6]} Bd5 18. Re3 g5 19. Rae1 Rf7 20.
Qe2 e6 21. h4 $1 {Typisch aber gut: der g-Bauer wird befragt und die schwarze
Königsstellung geschwächt.} gxh4 22. Nxh4 {[%csl Re6][%cal Gg2d5]} Nc7 23. Bh3
{[%cal Gh4g6,Gg6f4]} Qb8 $13 24. f4 Qb6 25. Qd3 a5 {So macht man sich dem
Isolani los.} 26. f5 e5 {[%csl Rd4,Re6,Rg6,Rh6][%cal Gb6f2]} 27. dxe5 Bxe5 28.
Bxe5 dxe5 {Die schwarze Königsstellung ist ein Gruyère und der Pe5 erscheint
verurteilt. Als Kompensation hat Schwarz Druck am Damenflügel und der Re3 ist
vorläufig noch gefesselt. Obendrein hat Weiss für die Entfesselung keine Zeit:
er muss aktiv vorgehen.} 29. Ng6 axb4 (29... e4 $2 30. Qc3) 30. Nxe5 bxa3 $1 {
Mut aus Not geboren.} (30... Re7 31. f6 $1 Rxe5 32. Qg6+ Kf8 33. Qxh6+ Ke8 34.
Qh8+ Kf7 35. Bd7 $1 Rg5 36. Qh7+ Kxf6 37. Rf1+ $18) 31. Nxf7 $2 {Nach diesem
materialistischen Qualitätsgewinn werden die Rollen vertauscht.} (31. f6 $1
Rxf6 32. Nd7 $18) 31... Rb3 $1 32. Nxh6+ Kf8 33. Qe2 a2 {Die Fesselung
ruiniert jetzt Weiss./\...a1Q, Rxa1, Rxe3-+} 34. Ng4 Rb1 $19 35. Ne5 Rxe1+ 36.
Qxe1 Qd4 $1 {[%cal Ga2a1,Gd4a1]} 37. Nd7+ {Zeitnot = Schach geben!} Kg8 38. Kh2
a1=Q $4 {Ubersieht dass der Bursche auf e3 endlich entfesselt ist und
verschenkt einen halben Punkt.} (38... Qb2+ $1 $19 39. Re2 a1=Q $1 $19) 39.
Re8+ $1 {Uff! Dreimal uff!} Nxe8 40. Qxe8+ Kh7 41. Qg6+ Kh8 42. Qe8+ 1/2-1/2

[Event "Budapest FS02 GM"]
[Site "Budapest"]
[Date "2000.02.16"]
[Round "12"]
[White "Horvath, Csaba"]
[Black "Hoang, Thanh Trang"]
[Result "1/2-1/2"]
[WhiteElo "2519"]
[BlackElo "2448"]
[Annotator "Meulders,R"]
[PlyCount "39"]
[EventDate "2000.02.05"]
[EventType "tourn"]
[EventRounds "13"]
[EventCountry "HUN"]
[EventCategory "9"]
[SourceTitle "CBM 076"]
[Source "ChessBase"]
[SourceDate "2000.05.31"]
[SourceVersion "1"]
[SourceVersionDate "2000.05.31"]
[SourceQuality "1"]

1. Nf3 f5 2. d4 g6 3. g3 Nf6 4. Bg2 Bg7 5. c4 O-O 6. Nc3 d6 7. O-O Qe8 8. Nd5
Nxd5 9. cxd5 Qb5 10. Ng5 h6 {Üblicher sind ...c6 oder ...Na6.} 11. Nh3 e5 (
11... g5 12. Re1 (12. f4 g4 13. Nf2 Qb6 14. e3 Na6 15. Bd2 Bd7 16. a4 c6 17.
Qe1 Rac8 18. Ba5 Qb3 19. Qe2 $14 {1-0 Wells,P-Hoang Than Trang/Budapest 1997/
CBM 58 ext (44)}) 12... Qb6 13. e3 Nd7 14. Bd2 Nf6 15. Bc3 Bd7 16. f4 g4 17.
Nf2 c6 18. dxc6 $14 {1/2-1/2 Stocek,J-Hoang Than Trang/Budapest 1996/CBM 52
ext (45)}) 12. dxe6 Bxe6 13. Nf4 Bf7 14. a4 Qb6 15. a5 $6 (15. Nd5 $5 Bxd5 16.
Bxd5+ Kh7 17. e3 $14 {^^}) 15... Qb5 16. Qa4 Qxa4 17. Rxa4 c6 18. Rb4 g5 19.
Nd3 Bh5 $1 20. Re1 (20. Re1 Rf7 21. e3 Na6 22. Rc4 Re7 $15) 1/2-1/2